| 000 | 00542nam a22001817a 4500 | ||
|---|---|---|---|
| 003 | SEM | ||
| 999 |
_c67624 _d67624 |
||
| 005 | 20220608073943.0 | ||
| 008 | 171103b xxu||||| |||| 00| 0 germ d | ||
| 040 |
_cSEM _aSEM |
||
| 041 | 0 | _agerm. | |
| 080 | _a930.26(43.6)/S-18 | ||
| 245 | 0 | 4 |
_aSalzbergwerk Hallstatt. _bQuellen und Literaturauszüge zum "Mann im Salz". _cSalinen Austria |
| 260 |
_aHallstatt: _bMusealvereines Hallstatt, _c1989. |
||
| 300 |
_a41+[19] S.; _bill.; _c21 cm. |
||
| 650 |
_aArcheology _zHallstatt |
||
| 710 | _aSalinen Austria | ||
| 942 |
_2udc _cBK |
||